000 00273nam a22001217a 4500
008 181004b xxu||||| |||| 00| 0 eng d
041 _aeng
080 _a710
100 _a45
101 _aArt
245 _aA Treasury Of Art Masterpieces
_cCraven.TH
942 _2udc
_cBK
999 _c48852
_d48852